Alexander and the terrible, horrible, no good, very bad day /
On a day when everything goes wrong for him, Alexander is consoled by the thought that other people have bad days too. Alexander wakes up to a bad day & things get progressively worse as the hours wear on, until he thinks he may escape it all & go to Australia. On a day when everything goes...
| Main Author: | |
|---|---|
| Other Authors: | |
| Format: | Book |
| Language: | English |
| Published: |
New York :
Aladdin Books,
1987
|
| Edition: | 2nd Aladdin Books ed. |
| Subjects: | |
| Online Access: | Contributor biographical information Publisher description |
MARC
| Tag | First Indicator | Second Indicator | Subfields |
|---|---|---|---|
| LEADER | 00000cam a2200000 a 4500 | ||
| 001 | in00001409965 | ||
| 005 | 20151020070434.0 | ||
| 008 | 870303t19871972nyua j 000 1 eng | ||
| 010 | |a 87001087 | ||
| 019 | |a 29442274 |a 29493797 |a 37701305 |a 52583962 | ||
| 020 | |a 0689711735 (pbk.) : |c $2.95 | ||
| 020 | |a 9780689711732 (pbk.) | ||
| 020 | |a 0606007830 | ||
| 020 | |a 9780606007832 | ||
| 029 | 1 | |a YDXCP |b 570330 | |
| 029 | 1 | |a NLGGC |b 255362234 | |
| 029 | 1 | |a NZ1 |b 7818157 | |
| 029 | 1 | |a AU@ |b 000005243828 | |
| 035 | |a (OCoLC)ocm15367069 | ||
| 040 | |a DLC |c DLC |d MAL |d SIN |d BAKER |d XY4 |d BTCTA |d YDXCP |d UtOrBLW | ||
| 042 | |a lcac | ||
| 049 | |a TXAM | ||
| 050 | 1 | 0 | |a PZ7.V816 |b Al 1987 |
| 082 | 0 | 0 | |a [E] |2 19 |
| 100 | 1 | |a Viorst, Judith. | |
| 245 | 1 | 0 | |a Alexander and the terrible, horrible, no good, very bad day / |c Judith Viorst ; illustrated by Ray Cruz. |
| 250 | |a 2nd Aladdin Books ed. | ||
| 264 | 1 | |a New York : |b Aladdin Books, |c 1987 | |
| 264 | 4 | |c ©1972 | |
| 300 | |a 32 unnumbered pages : |b illustrations ; |c 18 x 23 cm. | ||
| 336 | |a text |b txt |2 rdacontent | ||
| 337 | |a unmediated |b n |2 rdamedia | ||
| 338 | |a volume |b nc |2 rdacarrier | ||
| 520 | |a On a day when everything goes wrong for him, Alexander is consoled by the thought that other people have bad days too. Alexander wakes up to a bad day & things get progressively worse as the hours wear on, until he thinks he may escape it all & go to Australia. On a day when everything goes wrong for him, Alexander is consoled by the thought that other people have bad days too. Alexander knew it was going to be a terrible day when he woke up with gum in this hair. And it got worse... His best friend deserted him. There was no dessert in his lunch bag. And, on top of all that, there were lima beans for dinner and kissing on TV! | ||
| 650 | 1 | |a Humorous stories. | |
| 650 | 0 | |a Humorous stories |v Juvenile literature. | |
| 700 | 1 | |a Cruz, Ray, |e illustrator. | |
| 856 | 4 | 2 | |3 Contributor biographical information |u http://www.loc.gov/catdir/bios/simon051/87001087.html |t 0 |
| 856 | 4 | 2 | |3 Publisher description |u http://www.loc.gov/catdir/description/simon033/87001087.html |t 0 |
| 938 | |a Baker and Taylor |b BTCP |n 87001087 |c $2.95 | ||
| 938 | |a YBP Library Services |b YANK |n 570330 | ||
| 938 | |a Baker & Taylor |b BKTY |c 15.85 |d .00 |i 0606007830 |n 0002882292 |s active | ||
| 938 | |a Baker & Taylor |b BKTY |c 7.99 |d 5.99 |i 0689711735 |n 0001183825 |s active | ||
| 994 | |a C0 |b TXA | ||
| 999 | |a MARS | ||
| 999 | f | f | |s 458d0557-e156-3b54-84d7-6d16c81819d1 |i 53e2b9ca-1753-3262-a039-856e5b9f48f1 |t 0 |
| 952 | f | f | |p normal |a Texas A&M University |b College Station |c Sterling C. Evans Library |d Evans: Curriculum Collection (4th floor) |t 0 |e PZ7.V816 Al 1987 |h Library of Congress classification |i unmediated -- volume |m A14837550960 |
| 998 | f | f | |a PZ7.V816 Al 1987 |t 0 |l Evans: Curriculum Collection (4th floor) |